| 000 | 00663nam a22001937a 4500 | ||
|---|---|---|---|
| 005 | 20240507120701.0 | ||
| 010 | _aENG-140093 | ||
| 020 |
_a9789393711014 _c195.00 |
||
| 035 | _aEN-123625 | ||
| 037 | _bDBAD/PUB | ||
| 082 | _a881 | ||
| 100 |
_aTagore,Rabindranath _965827 |
||
| 245 |
_aGitanjali Song offerings : _bA collection of poems translated by the author/ _cBy Rabindranath Tagore ; introduces by W.B. Yeats |
||
| 260 |
_bNandy Enterprises _c2022 _aDelhi |
||
| 270 |
_bDelhi _e110091 _a114-C, Pocket-A, Phase-II Mayur Vihar, |
||
| 300 |
_a188p.: _c22cm(Pb) _bill. |
||
| 700 |
_aYeats,W.B. _964655 |
||
| 942 |
_2ddc _cEN _mTAG _h881 |
||
| 999 |
_c202126 _d202126 |
||